| 000 | 00541nam a2200193Ia 4500 | ||
|---|---|---|---|
| 999 |
_c30211 _d30211 |
||
| 003 | OSt | ||
| 005 | 20201231131547.0 | ||
| 008 | 190216s9999||||xx |||||||||||||| ||und|| | ||
| 020 | _a9788192782232 | ||
| 040 | _coclc | ||
| 082 |
_a200 _bAHA/H |
||
| 100 |
_aAhammed, Ijas _98032 |
||
| 245 | 0 |
_aHinduthwathinte Kalath Gramshiye Vayikkumbol / _cIjas Ahammed |
|
| 250 | _a1st Ed. | ||
| 260 |
_bRaspberry Books, _c2018. _aKozhikode: |
||
| 300 | _a97p | ||
| 650 | _aMalayalam | ||
| 942 |
_cBK _2ddc _h200 _iAHA/H _k200 _mAHA/H |
||